000 00684nam a2200193 4500
001 139865
003 ES-MaACL
005 20250827022422.0
007 t|
008 070214s1980 sp r ||||1| spa d
100 1 _aSchleyer, Hans Martin.
_9104417
245 1 3 _aLa libertad como modelo social /
_cHans Martin Schleyer ; traducción... de Joaquín Hernández Orozco.
260 _aMadrid :
_bInstituto de Estudios de Administración Local,
_c1980.
300 _a391 p. ;
_c22 cm.
700 1 _aHernández Orozco, Joaquín.
_963007
710 2 _aInstituto de Estudios de Administración Local (España)
_94893
852 _aES-MaACL
_jL-3102
_bR.104102
999 _c139865
_d139865